书目信息 |
| 题名: |
自然常识辅导员
|
|
| 作者: | 谢琪成 刘静媛 编 | |
| 分册: | 第五册 地壳 | |
| 出版信息: | 北京 科学普及出版社 1981.06 |
|
| 页数: | 52页 | |
| 开本: | 20cm | |
| 丛书名: | ||
| 单 册: | ||
| 中图分类: | P313 | |
| 科图分类: | ||
| 主题词: | 岩石--物理学 , 固体地球物理学 | |
| 电子资源: | ||
| ISBN: | ||
| 000 | 00669nam0 2200229 450 | |
| 001 | 0661657044 | |
| 005 | 20060816150351.46 | |
| 010 | @dCNY0.18 | |
| 091 | @a13051.1176 | |
| 100 | @a20060809d1981 km y0chiy0120 ea | |
| 101 | 0 | @achi |
| 102 | @aCN@b110000 | |
| 200 | 1 | @a自然常识辅导员@Azi ran chang shi fu dao yuan@h第五册@i地壳@f谢琪成 刘静媛 编@Fxie qi cheng liu jing yuan bian |
| 210 | @a北京@c科学普及出版社@d1981.06 | |
| 215 | @a52页@d20cm | |
| 517 | 1 | @a地壳@Adi ke |
| 606 | 0 | @a岩石@x物理学 |
| 606 | 0 | @a固体地球物理学 |
| 690 | @aP313@v3 | |
| 701 | 0 | @a谢琪成 刘静媛@Axie qi cheng liu jing yuan@4编 |
| 801 | 0 | @aCN@bPFT@c20060816 |
| 905 | @a10447@dP313@e70 | |
| 自然常识辅导员.第五册.地壳/谢琪成 刘静媛 编.-北京:科学普及出版社,1981.06 |
| 52页;20cm |
| ISBN :CNY0.18 |
| ● |
| 相关链接 |
|
|
|
|
正题名:自然常识辅导员
索取号:P313/70
 
预约/预借
| 序号 | 登录号 | 条形码 | 馆藏地/架位号 | 状态 | 备注 |
| 1 | 0451973 | 204519734 | 密集书库/ [索取号:P313/70] | 在馆 | |
| 2 | 0458711 | 204587116 | 密集书库/ [索取号:P313/70] | 在馆 | |
| 3 | 0458712 | 204587125 | 密集书库/ [索取号:P313/70] | 在馆 |